[Event "TCh-CHN DivA Regular"]
[Site "Fuling CHN"]
[Date "2023.06.15"]
[Round "9.3"]
[Board "5"]
[White "Li, Xueyi"]
[Black "Huang, Qian"]
[Result "1/2-1/2"]
[WhiteTitle "WGM"]
[BlackTitle "WGM"]
[WhiteElo "2291"]
[BlackElo "2431"]
[WhiteTeam "Shenzhen Pengcheng"]
[BlackTeam "Chongqing Sports Lottery"]
[WhiteFideId "8605912"]
[BlackFideId "8602689"]
[EventDate "2023.06.05"]
[EventType "team"]

1. d4 d6 2. g3 e5 3. Bg2 exd4 4. Qxd4 Nc6 5. Qd1 g6 6. Bd2 Bg7 7. Bc3 Nf6 8. Nf3
O-O 9. O-O Re8 10. Nbd2 Bf5 11. Nd4 Nxd4 12. Bxd4 d5 13. c4 dxc4 14. Nxc4 Be4
15. f3 Bc2 16. Qxc2 Qxd4+ 17. Kh1 b5 18. Na3 Qb4 19. e4 Rad8 20. Qb3 Qxb3 21.
axb3 a6 22. Nc2 Rd2 23. Nb4 Rxb2 24. Nxa6 Rd8 25. Rfd1 Rxd1+ 26. Rxd1 c6 27. Nb4
Rxb3 28. Nxc6 Rc3 29. Nb4 Bf8 30. e5 Ne4 31. fxe4 Bxb4 32. Bf1 Re3 33. Bxb5 Rxe4
34. Rd7 Rxe5 35. Bc4 Be7 36. Kg2 Kf8 37. Rb7 h5 38. Rb8+ Kg7 39. Rb7 Re3 40. Rb3
Re4 41. Rb7 f5 42. Bd3 Re3 43. Bc4 h4 44. gxh4 Kh6 45. Rb6 Re4 46. Bd3 Rf4 47.
Rc6 Bxh4 48. Rc4 Rf2+ 49. Kg1 f4 50. Rc6 Rb2 51. Bxg6 Kg5 52. Be4 Bf2+ 53. Kg2
Bc5+ 54. Kh3 Rb3+ 55. Kg2 Bd4 56. Rc4 Be3 57. Rc8 Bd4 58. Rc4 Rb2+ 59. Rc2 Rb4
60. Rc6 Be5 61. Bc2 Rd4 62. Kf3 Rd2 63. Rg6+ Kh5 64. Rg2 Rd8 65. Bg6+ Kh6 66.
Be4 Rb8 67. Rd2 Kg5 68. Rd5 Kf6 69. Rc5 Rh8 70. Rc6+ Ke7 71. Rc2 Bd6 72. Ra2 Ke6
73. Re2 Kf6 74. Bd5 Be5 75. Ra2 Bb8 76. Be4 Rh3+ 77. Kg4 Re3 78. Bf3 Re8 79.
Ra6+ Ke5 80. Ra5+ Kd4 81. Ra4+ Ke3 82. Ra3+ Kd2 83. Ra2+ Kc3 84. Ra3+ Kb4 85.
Ra2 Rg8+ 86. Kf5 Kc3 87. Ra3+ Kd4 88. Ra4+ Ke3 89. Ra3+ Kf2 90. Bc6 Bd6 91. Ra8
Rg1 92. Rd8 Bc7 93. Rd3 Rc1 94. Be4 Ke2 95. Rb3 Rc5+ 96. Kg4 Be5 97. Bf3+ Kf2
98. Be4 Rc8 99. Kf5 1/2-1/2

[Event "TCh-CHN DivA Regular"]
[Site "Fuling CHN"]
[Date "2023.06.15"]
[Round "9.4"]
[Board "1"]
[White "Zhu, Hengyi"]
[Black "Xu, Xiangyu"]
[Result "0-1"]
[BlackTitle "GM"]
[WhiteElo "2247"]
[BlackElo "2603"]
[WhiteTeam "Hangzhou"]
[BlackTeam "Chengdu"]
[WhiteFideId "8611211"]
[BlackFideId "8608288"]
[EventDate "2023.06.05"]
[EventType "team"]

1. e4 c5 2. Nf3 d6 3. d4 cxd4 4. Nxd4 Nf6 5. Nc3 Bd7 6. Bg5 e6 7. Qd2 a6 8. f4
h6 9. Bxf6 Qxf6 10. Nf3 Nc6 11. O-O-O Qd8 12. e5 d5 13. Ne2 Rc8 14. Kb1 Qb6 15.
Ned4 Bb4 16. c3 Nxd4 17. cxb4 Nxf3 18. gxf3 g6 19. h4 h5 20. Bd3 Qd4 21. f5 gxf5
22. b5 axb5 23. Qg5 Qa4 24. Ka1 b4 25. Rc1 Ra8 26. Bb1 Bc6 27. Qf6 Rf8 28. Rhd1
b3 29. Rd3 Kd7 30. a3 Qb4 0-1

[Event "TCh-CHN DivA Regular"]
[Site "Fuling CHN"]
[Date "2023.06.15"]
[Round "9.4"]
[Board "2"]
[White "Li, Di"]
[Black "Kong, Xiangrui"]
[Result "0-1"]
[WhiteTitle "GM"]
[WhiteElo "2575"]
[BlackElo "2273"]
[WhiteTeam "Chengdu"]
[BlackTeam "Hangzhou"]
[WhiteFideId "8607508"]
[BlackFideId "8632200"]
[EventDate "2023.06.05"]
[EventType "team"]

1. d4 d5 2. Bf4 c5 3. e3 Nc6 4. Nf3 cxd4 5. exd4 Bg4 6. Nbd2 e6 7. c3 Bd6 8.
Bxd6 Qxd6 9. h3 Bh5 10. Be2 Nge7 11. O-O O-O 12. a4 a5 13. Re1 f6 14. Qb3 Kh8
15. Qa3 Qf4 16. Nb3 b6 17. Nh2 Bxe2 18. Rxe2 e5 19. dxe5 fxe5 20. Rae1 Ng6 21.
g3 Qf5 22. Qd6 Nge7 23. Ng4 Rad8 24. Qc7 e4 25. Nd4 Nxd4 26. cxd4 Qe6 27. Qe5
Qd7 28. Rc1 Nc6 29. Qh5 Nxd4 30. Re3 Nf3+ 0-1

[Event "TCh-CHN DivA Regular"]
[Site "Fuling CHN"]
[Date "2023.06.15"]
[Round "9.4"]
[Board "3"]
[White "Xie, Kaifan"]
[Black "Zhao, Yuanhe"]
[Result "1/2-1/2"]
[WhiteTitle "CM"]
[BlackTitle "IM"]
[WhiteElo "2278"]
[BlackElo "2461"]
[WhiteTeam "Hangzhou"]
[BlackTeam "Chengdu"]
[WhiteFideId "8619107"]
[BlackFideId "8609497"]
[EventDate "2023.06.05"]
[EventType "team"]

1. d4 d5 2. c4 c6 3. Nf3 Nf6 4. Nc3 e6 5. Bg5 Nbd7 6. cxd5 exd5 7. Qc2 Be7 8. e3
Nh5 9. Bxe7 Qxe7 10. Be2 g6 11. O-O O-O 12. a3 a5 13. Rab1 Re8 14. Nd2 Ng7 15.
b4 axb4 16. axb4 b5 17. e4 Nb6 18. exd5 Bf5 19. Bd3 Nxd5 20. Nxd5 cxd5 21. Nf3
Rac8 22. Qb3 Bxd3 23. Qxd3 Qe2 24. Qxe2 Rxe2 25. Rfc1 Rxc1+ 26. Rxc1 Ne6 27. Rb1
Kg7 28. g3 g5 29. Ra1 g4 30. Ne5 h5 31. Nc6 Ng5 32. Kg2 Nf3 33. h3 f6 34. Na7
Nxd4 35. Rd1 Re4 36. Nc8 Nf3 37. hxg4 hxg4 38. Nd6 Rxb4 39. Nf5+ Kg6 40. Rxd5
Ne5 41. Nd4 Rb1 42. Rxb5 Rd1 43. Ne2 Nf3 44. Rb3 Ne1+ 45. Kf1 Nf3+ 46. Kg2 Ng5
47. Ng1 f5 48. Re3 Kf6 49. Re2 Ne4 50. f3 Nxg3 51. Kxg3 Rxg1+ 52. Kf2 gxf3 53.
Kxf3 Kg5 54. Ra2 Rf1+ 55. Kg3 f4+ 56. Kg2 Rb1 57. Ra8 Rb2+ 58. Kf3 Rb3+ 59. Kf2 1/2-1/2

[Event "TCh-CHN DivA Regular"]
[Site "Fuling CHN"]
[Date "2023.06.15"]
[Round "9.4"]
[Board "4"]
[White "Chu, Ruotong"]
[Black "Lu, Miaoyi"]
[Result "1-0"]
[WhiteTitle "WIM"]
[BlackTitle "WIM"]
[WhiteElo "2166"]
[BlackElo "2176"]
[WhiteTeam "Chengdu"]
[BlackTeam "Hangzhou"]
[WhiteFideId "8605653"]
[BlackFideId "8618020"]
[EventDate "2023.06.05"]
[EventType "team"]

1. c4 e6 2. g3 d5 3. Bg2 Nf6 4. Nf3 Be7 5. d4 O-O 6. O-O dxc4 7. Qa4 a6 8. Qxc4
b5 9. Qc2 Bb7 10. Bd2 Ra7 11. Rc1 Be4 12. Qb3 Nc6 13. e3 Qa8 14. Qd1 b4 15. Qf1
Bd5 16. Be1 Rc8 17. Nbd2 a5 18. Nc4 Nd8 19. Nfe5 Qb8 20. Nd3 c5 21. dxc5 Bxc5
22. Nf4 Bxg2 23. Qxg2 Be7 24. b3 a4 25. Nd3 axb3 26. axb3 Nd5 27. Rxa7 Qxa7 28.
e4 Nc3 29. Bxc3 bxc3 30. Qf3 Bg5 31. Nf4 Nc6 32. Qxc3 Nd4 33. Rd1 e5 34. Qd3
Nxb3 35. Nxe5 Nc5 36. Qd4 Qa5 37. Qd5 Qc7 38. Nxf7 Qxf7 39. Qxg5 h6 40. Qe5 Qb3
41. Rc1 Qa3 42. Qd5+ Kh8 43. Nd3 Qxd3 44. Qxd3 Nxd3 45. Rxc8+ Kh7 46. f4 Kg6 47.
Rc3 Nb4 48. Kf2 Kh5 49. Kf3 g5 50. Rc4 Nd3 51. Ke2 1-0

[Event "TCh-CHN DivA Regular"]
[Site "Fuling CHN"]
[Date "2023.06.15"]
[Round "9.4"]
[Board "5"]
[White "Zhao, Shengxin"]
[Black "Ren, Xiaoyi"]
[Result "0-1"]
[WhiteTitle "WFM"]
[BlackTitle "WIM"]
[WhiteElo "2156"]
[BlackElo "2079"]
[WhiteTeam "Hangzhou"]
[BlackTeam "Chengdu"]
[WhiteFideId "8608040"]
[BlackFideId "8608709"]
[EventDate "2023.06.05"]
[EventType "team"]

1. d4 d5 2. c4 c6 3. Nf3 Nf6 4. Nc3 a6 5. a4 e6 6. e3 Bb4 7. Bd3 O-O 8. O-O Nbd7
9. Nd2 e5 10. cxd5 cxd5 11. Qb3 Qa5 12. Rd1 e4 13. Be2 Rd8 14. Nf1 Nb8 15. Na2
Bd6 16. Bd2 Qc7 17. Rdc1 Nc6 18. Qd1 Bd7 19. b4 Qb6 20. b5 axb5 21. axb5 Ne7 22.
Nc3 Rxa1 23. Rxa1 Rc8 24. Qb3 h6 25. Na4 Qd8 26. Bb4 Bxb4 27. Qxb4 Nf5 28. Nd2
Ne8 29. Qb3 Nf6 30. Qb2 Nd6 31. Nc5 Bg4 32. Bxg4 Nxg4 33. h3 Nxf2 34. Qb3 b6 35.
Qxd5 bxc5 36. Kxf2 Nxb5 37. Qxd8+ Rxd8 38. Ra5 Nd6 39. Rxc5 f5 40. Rd5 g6 41.
Kg3 Nb7 42. Rxd8+ Nxd8 43. Kf4 Kf7 44. Ke5 Ke7 45. Nc4 Nc6+ 46. Kd5 Nb4+ 47. Kc5
Nd3+ 48. Kc6 Nb4+ 49. Kb5 Nd5 50. Kc5 Ke6 51. h4 f4 52. exf4 e3 53. Nb2 Nxf4 54.
d5+ Kd7 55. Nc4 Nd3+ 0-1

[Event "TCh-CHN DivA Regular"]
[Site "Fuling CHN"]
[Date "2023.06.15"]
[Round "9.5"]
[Board "1"]
[White "Xu, Jun"]
[Black "Zhao, Jun"]
[Result "1/2-1/2"]
[WhiteTitle "GM"]
[BlackTitle "GM"]
[WhiteElo "2468"]
[BlackElo "2584"]
[WhiteTeam "Jiangsu"]
[BlackTeam "Shandong"]
[WhiteFideId "8600031"]
[BlackFideId "8602522"]
[EventDate "2023.06.05"]
[EventType "team"]

1. d4 Nf6 2. c4 e6 3. Nf3 d5 4. Nc3 Be7 5. Bg5 h6 6. Bxf6 Bxf6 7. e3 O-O 8. Rc1
dxc4 9. Bxc4 Nd7 10. O-O c5 11. Ne4 cxd4 12. Nxf6+ Nxf6 13. Qxd4 b6 14. Rfd1 Bb7
15. Qxd8 Rfxd8 16. Rxd8+ Rxd8 17. Bf1 Bxf3 18. gxf3 g5 19. a4 Rd2 20. b3 Kg7 21.
h3 Nd7 22. Rc7 a5 23. Rc6 Kf6 24. Bb5 Rb2 25. Rd6 Ne5 26. Kg2 Ng6 27. Rxb6 Nh4+
28. Kf1 Nxf3 29. Ra6 Nd2+ 30. Ke1 Nxb3 31. Ra7 Nc5 32. Rxa5 Ne4 33. f3 Nc3 34.
Bc6 Re2+ 35. Kf1 Rxe3 36. h4 Rd3 37. hxg5+ hxg5 38. Rc5 Nxa4 39. Bxa4 Rxf3+ 40.
Ke2 Rg3 41. Rc7 Rg2+ 42. Ke3 Rg3+ 43. Ke2 Rh3 44. Be8 Rh7 45. Kf3 e5 46. Ra7 Ke6
47. Bd7+ Kf6 48. Be8 Rh8 49. Rxf7+ Ke6 50. Rg7 Rxe8 51. Rxg5 1/2-1/2

[Event "TCh-CHN DivA Regular"]
[Site "Fuling CHN"]
[Date "2023.06.15"]
[Round "9.5"]
[Board "2"]
[White "Liu, Qingnan"]
[Black "Chen, Qi b"]
[Result "1-0"]
[WhiteTitle "GM"]
[BlackTitle "IM"]
[WhiteElo "2532"]
[BlackElo "2484"]
[WhiteTeam "Shandong"]
[BlackTeam "Jiangsu"]
[WhiteFideId "8603294"]
[BlackFideId "8614733"]
[EventDate "2023.06.05"]
[EventType "team"]

1. e4 e5 2. Nc3 Nf6 3. g3 Bc5 4. Bg2 O-O 5. Nge2 c6 6. Na4 Be7 7. d4 exd4 8.
Nxd4 d5 9. exd5 Bg4 10. Qd2 Nxd5 11. O-O Bf6 12. h3 Bh5 13. Nc5 Qb6 14. Ndb3 Rd8
15. Ne4 Be7 16. c4 Nb4 17. Qc3 Nd3 18. Be3 Qb4 19. Qc2 Ne5 20. Nbd2 Nd3 21. a3
Qa5 22. Nb3 Qe5 23. Bd4 Rxd4 24. f4 Rxe4 25. fxe5 Re3 26. Kh2 Bg6 27. Qd2 Bg5
28. h4 Bh6 29. Qd1 Rxe5 30. Rf3 Be3 31. Bf1 1-0

[Event "TCh-CHN DivA Regular"]
[Site "Fuling CHN"]
[Date "2023.06.15"]
[Round "9.5"]
[Board "4"]
[White "Hu, Yu A."]
[Black "Yuan, Ye"]
[Result "1/2-1/2"]
[WhiteElo "2065"]
[BlackElo "2194"]
[WhiteTeam "Shandong"]
[BlackTeam "Jiangsu"]
[WhiteFideId "8609993"]
[BlackFideId "8608415"]
[EventDate "2023.06.05"]
[EventType "team"]

1. d4 Nf6 2. c4 g6 3. Nc3 d5 4. cxd5 Nxd5 5. e4 Nxc3 6. bxc3 Bg7 7. Nf3 c5 8.
Rb1 O-O 9. Be2 cxd4 10. cxd4 Qa5+ 11. Bd2 Qxa2 12. O-O Bg4 13. Rxb7 Bxf3 14.
Bxf3 Bxd4 15. Bb4 Rd8 16. Qc1 Na6 17. Bxe7 Rac8 18. Qf4 Nc5 19. Bxd8 Nxb7 20.
Bf6 Bxf6 21. Qxf6 Nc5 22. h4 Qe6 23. Qxe6 Nxe6 24. Ra1 Nc5 25. Rxa7 Re8 26. g3
Nxe4 27. Bxe4 Rxe4 28. Kg2 h5 29. Ra5 Kg7 30. Kf3 Rb4 31. Kg2 1/2-1/2

[Event "TCh-CHN DivA Regular"]
[Site "Fuling CHN"]
[Date "2023.06.15"]
[Round "9.5"]
[Board "5"]
[White "Guo, Qi"]
[Black "Du, Yuxin"]
[Result "1-0"]
[WhiteTitle "IM"]
[WhiteElo "2369"]
[BlackElo "1929"]
[WhiteTeam "Jiangsu"]
[BlackTeam "Shandong"]
[WhiteFideId "8604002"]
[BlackFideId "8610282"]
[EventDate "2023.06.05"]
[EventType "team"]

1. d4 Nf6 2. c4 e6 3. Nf3 d5 4. Nc3 Be7 5. Bg5 h6 6. Bh4 Ne4 7. Bxe7 Qxe7 8.
cxd5 Nxc3 9. bxc3 exd5 10. Qb3 c6 11. e3 Nd7 12. Bd3 Nf6 13. O-O O-O 14. a4 c5
15. Qa3 Qc7 16. a5 Be6 17. dxc5 Nd7 18. a6 Nxc5 19. axb7 Nxb7 20. Nd4 Nc5 21.
Bb5 Ne4 22. Rfc1 a5 23. c4 Qe5 24. Nc6 Qg5 25. f4 Qh5 26. cxd5 Bg4 27. Qd3 Nd6
28. e4 Kh8 29. Ba4 Be2 30. Qe3 Rae8 31. e5 Nf5 32. Qf2 Rc8 33. d6 1-0

[Event "TCh-CHN DivA Regular"]
[Site "Fuling CHN"]
[Date "2023.06.15"]
[Round "9.6"]
[Board "1"]
[White "Li, Chao b"]
[Black "Wen, Yang"]
[Result "1/2-1/2"]
[WhiteTitle "GM"]
[BlackTitle "GM"]
[WhiteElo "2658"]
[BlackElo "2581"]
[WhiteTeam "Beijing"]
[BlackTeam "Hangzhou Bank"]
[WhiteFideId "8604436"]
[BlackFideId "8602956"]
[EventDate "2023.06.05"]
[EventType "team"]

1. d4 Nf6 2. c4 e6 3. Nf3 d5 4. Nc3 c5 5. cxd5 cxd4 6. Qxd4 exd5 7. Bg5 Be7 8.
e3 O-O 9. Be2 Nc6 10. Qd3 h6 11. Bh4 Qb6 12. O-O Rd8 13. Rfd1 Qxb2 14. Rab1 Qa3
15. Bxf6 Bxf6 16. Nxd5 Qxa2 17. Nxf6+ gxf6 18. Nd4 Be6 19. Rxb7 Rd6 20. Bf1 Rad8
21. Qc3 Nxd4 22. exd4 Qa4 23. Ra1 Qxd4 24. Qg3+ Qg4 25. Qxg4+ Bxg4 26. Rbxa7 Be6
27. Ra8 Rxa8 28. Rxa8+ Kg7 29. Ra1 Rb6 30. h4 Rd6 31. g3 Rb6 1/2-1/2

[Event "TCh-CHN DivA Regular"]
[Site "Fuling CHN"]
[Date "2023.06.15"]
[Round "9.6"]
[Board "2"]
[White "Ma, Qun"]
[Black "Zhang, Di"]
[Result "1-0"]
[WhiteTitle "GM"]
[WhiteElo "2648"]
[BlackElo "2273"]
[WhiteTeam "Hangzhou Bank"]
[BlackTeam "Beijing"]
[WhiteFideId "8603154"]
[BlackFideId "8616590"]
[EventDate "2023.06.05"]
[EventType "team"]

1. d4 Nf6 2. c4 e6 3. Nf3 Bb4+ 4. Nbd2 b6 5. a3 Bxd2+ 6. Qxd2 Bb7 7. e3 d6 8.
Be2 Nbd7 9. O-O e5 10. Qc2 Qe7 11. b4 O-O 12. Bb2 c5 13. bxc5 bxc5 14. d5 Rfe8
15. Nh4 g6 16. Nf3 Nf8 17. Nd2 Bc8 18. Rae1 Rb8 19. Ba1 Bf5 20. e4 Bc8 21. Qc3
g5 22. Kh1 Ng6 23. g3 Bh3 24. Rg1 Ng4 25. Bxg4 Bxg4 26. f4 f6 27. f5 Nf8 28. h3
Bh5 29. g4 Bf7 30. h4 h6 31. hxg5 fxg5 32. Kg2 Nd7 33. Rh1 Kg7 34. Qe3 Rh8 35.
Reg1 Nf6 36. Kf2 Qd7 37. Kf3 Qa4 38. Rb1 Rb6 39. Rxb6 axb6 40. Rb1 Ra8 41. Rb3
Be8 42. Qd3 Bd7 43. Bc3 Rb8 44. Qb1 Qa6 45. Kg3 Ba4 46. Rb2 Rb7 47. Kh3 Qa7 48.
Nf3 Qb8 49. Kg3 Bd7 50. Nd2 Kf7 51. Kf3 h5 52. gxh5 Qh8 53. Qh1 Ra7 54. h6 Rxa3
55. Rb3 Ra2 56. Rb2 g4+ 57. Ke3 Rxb2 58. Bxb2 Qg8 59. Qh4 b5 60. Nf1 bxc4 61.
Bc3 Ba4 62. Ng3 Bc2 63. Ba5 c3 64. Nh5 Nxe4 65. Bd8 Qf8 66. Nf6 Qxd8 67. Qh5+
Ke7 68. Nxe4 Qh8 69. Qg5+ Ke8 70. Nxd6+ 1-0

[Event "TCh-CHN DivA Regular"]
[Site "Fuling CHN"]
[Date "2023.06.15"]
[Round "9.6"]
[Board "3"]
[White "Peng, Hongchi"]
[Black "Xu, Zhihang"]
[Result "0-1"]
[BlackTitle "IM"]
[WhiteElo "2426"]
[BlackElo "2510"]
[WhiteTeam "Beijing"]
[BlackTeam "Hangzhou Bank"]
[WhiteFideId "8609047"]
[BlackFideId "8611572"]
[EventDate "2023.06.05"]
[EventType "team"]

1. d4 d5 2. Bg5 Nf6 3. e3 c5 4. Nf3 Nbd7 5. c4 cxd4 6. Qxd4 e5 7. Qd2 Qb6 8.
Bxf6 Nxf6 9. Nxe5 Qc7 10. f4 Bd6 11. Nc3 Bxe5 12. fxe5 Qxe5 13. cxd5 O-O 14. Bd3
Rd8 15. e4 Bd7 16. O-O Ng4 17. g3 Qd4+ 18. Kh1 Ne5 19. Rad1 Rac8 20. Be2 Qb6 21.
Rg1 Qb4 22. Rdf1 b5 23. Rf2 Qc5 24. Qf4 Re8 25. Nd1 Re7 26. Bf1 Rce8 27. Qe3 Qd6
28. Qf4 Qb6 29. Re2 Bg4 30. Qf2 Qxf2 31. Nxf2 Bf3+ 32. Rg2 Rc7 33. Rd2 Rec8 34.
Kg1 Bxg2 35. Bxg2 Rc2 36. Rd4 Rxb2 37. Nd1 Rc1 38. Kf1 Kf8 39. Ke1 Rxg2 0-1

[Event "TCh-CHN DivA Regular"]
[Site "Fuling CHN"]
[Date "2023.06.15"]
[Round "9.6"]
[Board "4"]
[White "Zhao, Xue"]
[Black "Wang, Yu A."]
[Result "1-0"]
[WhiteTitle "GM"]
[BlackTitle "IM"]
[WhiteElo "2469"]
[BlackElo "2255"]
[WhiteTeam "Hangzhou Bank"]
[BlackTeam "Beijing"]
[WhiteFideId "8601283"]
[BlackFideId "8601097"]
[EventDate "2023.06.05"]
[EventType "team"]

1. d4 d5 2. c4 c6 3. Nc3 Nf6 4. Nf3 e6 5. g3 Nbd7 6. Bg2 Be7 7. O-O a5 8. Nd2
Qb6 9. c5 Qb4 10. e3 a4 11. a3 Qa5 12. e4 dxe4 13. Ncxe4 Nxe4 14. Bxe4 h5 15.
Nc4 Qd8 16. Bf4 Nf6 17. Bc2 Nd5 18. Bd6 b5 19. Bxe7 Qxe7 20. Nd6+ Kf8 21. Be4
Ba6 22. Re1 h4 23. Rc1 hxg3 24. fxg3 Qg5 25. Rc2 Ra7 26. Rf2 Rh6 27. Bg2 Kg8 28.
Re5 f5 29. Qe1 Qf6 30. Nxf5 exf5 31. Rfxf5 Qg6 32. Re8+ Kh7 33. Rff8 Qh5 34.
Rh8+ Kg6 35. Qe6+ 1-0

[Event "TCh-CHN DivA Regular"]
[Site "Fuling CHN"]
[Date "2023.06.15"]
[Round "9.6"]
[Board "5"]
[White "Li, Yunshan"]
[Black "Yan, Tianqi"]
[Result "1/2-1/2"]
[WhiteTitle "WIM"]
[BlackTitle "WIM"]
[WhiteElo "2283"]
[BlackElo "2246"]
[WhiteTeam "Beijing"]
[BlackTeam "Hangzhou Bank"]
[WhiteFideId "8607664"]
[BlackFideId "8615250"]
[EventDate "2023.06.05"]
[EventType "team"]

1. d4 Nf6 2. c4 e6 3. Nc3 Bb4 4. Qc2 d5 5. cxd5 exd5 6. Bg5 h6 7. Bh4 c5 8. dxc5
O-O 9. e3 Be6 10. Nf3 Nbd7 11. Be2 Nxc5 12. O-O Rc8 13. Nd4 Nce4 14. Bxf6 Nxf6
15. Qb3 Bxc3 16. bxc3 Qc7 17. Rfc1 Ne4 18. Rc2 Nd6 19. Bf3 Qc5 20. Rd1 Rfd8 21.
h3 Kh8 22. Bg4 Bxg4 23. hxg4 Rd7 24. Ne2 Nc4 25. Rd4 Re8 26. Nf4 Ne5 27. Rcd2
Red8 28. Nd3 Nxd3 29. R2xd3 Qa5 30. a4 a6 31. Qd1 Rc8 32. g5 hxg5 33. c4 Qc7 34.
Qh5+ Kg8 35. Qxg5 Rd6 36. Qe5 dxc4 37. Qxd6 Qxd6 38. Rxd6 cxd3 39. Rxd3 1/2-1/2

[Event "TCh-CHN DivA Regular"]
[Site "Fuling CHN"]
[Date "2023.06.16"]
[Round "10.1"]
[Board "1"]
[White "Nie, Xinyang"]
[Black "Wen, Yang"]
[Result "1/2-1/2"]
[BlackTitle "GM"]
[WhiteElo "2222"]
[BlackElo "2581"]
[WhiteTeam "Chongqing Jiulongpo"]
[BlackTeam "Hangzhou Bank"]
[WhiteFideId "8607222"]
[BlackFideId "8602956"]
[EventDate "2023.06.05"]
[EventType "team"]

1. d4 Nf6 2. Nf3 d5 3. c4 e6 4. Nc3 Be7 5. Bg5 h6 6. Bxf6 Bxf6 7. e3 O-O 8. Rc1
dxc4 9. Bxc4 Nd7 10. O-O c5 11. Ne4 cxd4 12. Nxf6+ Nxf6 13. Qxd4 b6 14. Rfd1 Bb7
15. Ne5 Qxd4 16. Rxd4 Rac8 17. Rdd1 Rc5 18. Nd3 Rc7 19. f3 Rfc8 20. Bb3 Bd5 21.
Rxc7 Rxc7 22. Bxd5 Nxd5 23. e4 Nf6 24. Rd2 Kf8 25. Kf2 Ke7 26. Ke3 g5 27. Rd1
Nd7 28. Rc1 Rxc1 29. Nxc1 Ne5 30. Nd3 Nxd3 31. Kxd3 1/2-1/2

[Event "TCh-CHN DivA Regular"]
[Site "Fuling CHN"]
[Date "2023.06.16"]
[Round "10.1"]
[Board "2"]
[White "Bai, Jinshi"]
[Black "Wan, Yunguo"]
[Result "1/2-1/2"]
[WhiteTitle "GM"]
[BlackTitle "GM"]
[WhiteElo "2550"]
[BlackElo "2504"]
[WhiteTeam "Hangzhou Bank"]
[BlackTeam "Chongqing Jiulongpo"]
[WhiteFideId "8602280"]
[BlackFideId "8603189"]
[EventDate "2023.06.05"]
[EventType "team"]

1. c4 Nf6 2. Nc3 e5 3. g3 d5 4. cxd5 Nxd5 5. Bg2 Nb6 6. Nf3 Nc6 7. O-O Be7 8. b3
O-O 9. Bb2 a5 10. Rc1 a4 11. Nxa4 Nxa4 12. bxa4 Bf6 13. Rxc6 bxc6 14. Nxe5 Qd6
15. Nc4 Qe6 16. Bxf6 Qxc4 17. d3 Qc5 18. Bb2 Bd7 19. Qa1 f6 20. Rc1 Qe7 21. e3
Rxa4 22. Bd4 Rb8 23. Bc5 Qf7 24. a3 Qb3 25. Be4 Be6 26. Bxc6 Ra6 27. Bg2 Ra5 28.
Qd4 Qb2 29. Qxb2 Rxb2 30. h4 Rab5 31. Bb4 c5 32. Bxc5 Rb1 33. Rxb1 Rxb1+ 34. Kh2
Rb2 35. e4 Bg4 36. a4 Kf7 37. a5 Ra2 38. Bb6 Ke7 39. e5 fxe5 40. Bd5 Ra1 41. Bb7
Kd6 42. a6 Be6 43. d4 Bd5 1/2-1/2

[Event "TCh-CHN DivA Regular"]
[Site "Fuling CHN"]
[Date "2023.06.16"]
[Round "10.1"]
[Board "3"]
[White "Peng, Xiongjian"]
[Black "Xu, Zhihang"]
[Result "0-1"]
[BlackTitle "IM"]
[WhiteElo "2461"]
[BlackElo "2510"]
[WhiteTeam "Chongqing Jiulongpo"]
[BlackTeam "Hangzhou Bank"]
[WhiteFideId "8610550"]
[BlackFideId "8611572"]
[EventDate "2023.06.05"]
[EventType "team"]

1. Nf3 d5 2. b3 Nf6 3. Bb2 Bf5 4. Nh4 Bc8 5. e3 g6 6. c4 Bg7 7. cxd5 O-O 8. Bc4
Nxd5 9. Bxg7 Kxg7 10. Nc3 Nxc3 11. dxc3 Nd7 12. Nf3 e5 13. h4 h6 14. h5 g5 15.
Qd5 Qe7 16. Qa5 c6 17. Qc7 Re8 18. O-O-O Nf6 19. Qxe7 Rxe7 20. Rd8 b5 21. Be2
Ne4 22. Nd2 Nxc3 23. Bf3 Rd7 24. Rxd7 Bxd7 25. Kb2 b4 26. Nb1 g4 27. Bd1 Nxb1
28. Kxb1 Rd8 29. f3 g3 30. Kc1 c5 31. Be2 Be6 32. Rh4 Kf6 33. f4 e4 34. Kc2 a5
35. Rh1 Ke7 36. Rf1 Rd5 37. a4 Kf6 38. Rh1 Rd8 39. Rc1 Kf5 40. Rh1 Rc8 41. Ba6
Rc7 42. Rc1 Kf6 43. Be2 Rd7 44. Bb5 Rd6 45. Be2 Bd7 46. Rh1 Ke7 47. Rf1 Rd5 48.
Rh1 Rd6 49. Rf1 Kd8 50. Rh1 Be6 51. Rf1 c4 52. bxc4 Bd7 53. Ra1 Kc7 54. Ra2 Kb6
55. Kb3 Kc5 56. Rb2 Be6 57. Rc2 f5 58. Kb2 Bd7 59. Kb3 Be8 60. Rb2 Bf7 61. Rc2
Rd3+ 62. Bxd3 exd3 63. Rd2 Bxc4+ 64. Kb2 Kd5 65. Kc1 Ke4 66. Rd1 Bb3 67. Re1
Bxa4 68. Kd2 Bc2 69. Rh1 a4 70. Ra1 a3 71. Kc1 Kxe3 72. Rxa3 Ke2 73. Ra1 b3 0-1

[Event "TCh-CHN DivA Regular"]
[Site "Fuling CHN"]
[Date "2023.06.16"]
[Round "10.1"]
[Board "4"]
[White "Zhao, Xue"]
[Black "Sun, Fanghui"]
[Result "1/2-1/2"]
[WhiteTitle "GM"]
[BlackTitle "WIM"]
[WhiteElo "2469"]
[BlackElo "2223"]
[WhiteTeam "Hangzhou Bank"]
[BlackTeam "Chongqing Jiulongpo"]
[WhiteFideId "8601283"]
[BlackFideId "8604150"]
[EventDate "2023.06.05"]
[EventType "team"]

1. d4 d5 2. c4 c6 3. Nc3 Nf6 4. Nf3 dxc4 5. a4 Bf5 6. e3 e6 7. Bxc4 Bb4 8. O-O
Nbd7 9. Qe2 O-O 10. Rd1 Bg6 11. Ne1 Qe7 12. Nc2 Bxc2 13. Qxc2 e5 14. a5 Bd6 15.
Qf5 Rfe8 16. Bd2 b5 17. Bd3 Rac8 18. Qh3 Nf8 19. Rac1 e4 20. Bb1 a6 21. Rf1 c5
22. Ne2 Qd7 23. Qxd7 N8xd7 24. f3 cxd4 25. Nxd4 Nc5 26. Rc2 Nd3 27. Rxc8 Rxc8
28. Bxd3 exd3 29. Kf2 Nd5 30. Rc1 Rc4 31. Nb3 Kf8 32. g3 Nb4 33. e4 Nc2 34. Rd1
Be5 35. Bc1 Nd4 36. Nd2 Rc2 37. Ke3 Nc6 38. Kxd3 Nb4+ 39. Ke3 Bxb2 40. Bxb2 Rxb2
41. Rc1 Ra2 42. Nb3 Ra3 43. Rc3 Na2 44. Rd3 Nb4 45. Rc3 1/2-1/2

[Event "TCh-CHN DivA Regular"]
[Site "Fuling CHN"]
[Date "2023.06.16"]
[Round "10.1"]
[Board "5"]
[White "Zhang, Lanlin"]
[Black "Zhai, Mo"]
[Result "1-0"]
[BlackTitle "WGM"]
[WhiteElo "2156"]
[BlackElo "2347"]
[WhiteTeam "Chongqing Jiulongpo"]
[BlackTeam "Hangzhou Bank"]
[WhiteFideId "8608032"]
[BlackFideId "8600201"]
[EventDate "2023.06.05"]
[EventType "team"]

1. e4 e5 2. Nf3 Nc6 3. Bb5 Nf6 4. O-O Nxe4 5. d4 Nd6 6. dxe5 Nxb5 7. a4 d6 8. e6
Bxe6 9. axb5 Ne5 10. Nd4 Be7 11. f4 Nd7 12. Qe2 O-O 13. Nxe6 fxe6 14. Qxe6+ Kh8
15. Nc3 Bf6 16. Bd2 Nc5 17. Qd5 Qd7 18. Rae1 c6 19. bxc6 bxc6 20. Qh5 g6 21. Qf3
d5 22. b4 Ne6 23. Ne2 Bg7 24. h3 Ng5 25. Qd3 Ne4 26. Be3 a5 27. bxa5 Rxa5 28. c4
Nd6 29. cxd5 Rxd5 30. Qc2 Nf5 31. Bf2 Rd2 32. Qc1 Re8 33. Nc3 Rxe1 34. Rxe1 Rxf2
35. Kxf2 Qd4+ 36. Ke2 Qxc3 37. Qxc3 Bxc3 38. Rc1 Bb4 39. g4 Ne7 40. Kd3 Kg7 41.
Ke4 Kf6 42. h4 Ke6 43. h5 gxh5 44. gxh5 Bd6 45. h6 Kf6 46. f5 Bb4 47. Rg1 Bd2
48. Rh1 Bg5 49. Rh2 Kf7 50. Rh5 Bf6 51. Kd3 c5 52. Kc4 Bd4 53. Rg5 Ng8 54. Kd3
Nxh6 55. Rh5 Bg7 56. Kc4 Bf8 57. Kd5 Kf6 58. Rh3 Kf7 59. Rh5 Kf6 60. Rh3 Nxf5
61. Rxh7 Ne3+ 62. Ke4 Nc4 63. Kd5 Ne3+ 64. Ke4 Nd1 65. Kd5 Nc3+ 66. Kc4 Ne4 67.
Kd5 Nd2 1-0